00729 a2200169 45000010006000000050017000060080041000230030015000640400040000790800045001192450010001640200018001742640060001923000019002525050270002711000018005415441120260407155817.0260407a1984 arg spa dAR-UNSa-BCEJYS aAR-UNSa-BCEJYSbspacAR-UNSa-BCEJYS a329PJxPartido Justicialista (Peronismo)10aEl 45 a84-499-7474-7 1aBuenos Aires :bHyspámerica Ediciones Argentinac1984 a529 p.c20 cm. aI. El camino de la oposición (Abrril-Setiembre 1945) - II.El camino de Perón (Abril-Setiembre 1945) - III. El huracán de la historia (Setiembre-Octubre) - IV. La Unión Soviética (Noviembre 1945-Febrero 1946) - V. El Peronismo (Noviembre 1945-Febrero 1946)1 aLuna, Félix